| 000 | 00610nam a22001817a 4500 | ||
|---|---|---|---|
| 003 | OSt | ||
| 005 | 20260115064904.0 | ||
| 008 | 260115b |||||||| |||| 00| 0 eng d | ||
| 020 | _a971-086142-5. | ||
| 040 |
_aDWC-Main Lib. _cOC |
||
| 082 | _aFil. 657.45 H282a 2001 | ||
| 100 | _aHarina, Richardo M. | ||
| 245 |
_aAuditing theory : _bcomprehensive, daily review and self-test for CPA reviewees/ _cRichardo M. Harina |
||
| 260 |
_aMandaluyong City : _bNational Book Store, _cc2001. |
||
| 300 |
_a265 p. ; _c25 cm. |
||
| 650 | _a1. Auditing-Examinations, questions, etc. | ||
| 942 |
_2ddc _cBK - FIL _hFil. _n0 |
||
| 999 |
_c7439 _d7439 |
||